000 00358nam a2200145Ia 4500
008 230917s9999||||xx |||||||||||||| ||und||
040 _e180324
_aMAIN
041 _aEnglish
082 _a294.12 V669R
100 _aBudhdev
245 0 _aRigaveda mandal-mani-sutra
260 _aNew Delhi
_bSamarpan Shodh Samsthan
_c1964
300 _a565 p.
942 _cBK
999 _c215435
_d215435